[Event "Challenge"]
[Site "http://www.queenalice.com/game.php?id=557382"]
[Date "2009.3.17"]
[Round "-"]
[White "capabllanca"]
[Black "anand29"]
[Result "0-1"]
[WhiteElo "2005"]
[BlackElo "1979"]

1. d4 Nf6 2. g3 d5 3. c4 e6 4. Bg2 Nbd7 5. Nf3 c5 6. e3 Bd6 7. b3 cxd4 8. exd4
Bb4+ 9. Nbd2 Ne4 10. O-O Ndf6 11. Nxe4 Nxe4 12. Ne5 Nf6 13. c5 Ba5 14. b4 Bc7
15. f4 O-O 16. a4 a6 17. Be3 Nd7 18. b5 Nxe5 19. fxe5 axb5 20. axb5 Rxa1 21.
Qxa1 Bd7 22. Qa7 Bxb5 23. Rb1 Bc6 24. Bf1 Qa8 25. Ra1 Qxa7 26. Rxa7 f6 27. exf6
gxf6 28. Bh3 Re8 29. Bh6 Kf7 30. Bg4 Kg6 31. Be3 e5 32. Kf2 exd4 33. Bd2 h5 34.
Bf3 h4 35. Ra1 hxg3+ 36. hxg3 Rh8 37. Kg2 Be5 38. Be2 Kf7 39. Bd3 Rg8 40. Be1
Ke6 41. Bf2 Kd7 42. Be1 Ke6 43. Bf2 Rb8 0-1

[Event "Challenge"]
[Site "http://www.queenalice.com/game.php?id=562314"]
[Date "2009.3.27"]
[Round "-"]
[White "anand29"]
[Black "Aguinaldo"]
[Result "1-0"]
[WhiteElo "1918"]
[BlackElo "1788"]

1. d4 e6 2. c4 Bb4+ 3. Bd2 Qe7 4. Nf3 Nf6 5. Qc2 b6 6. e4 Bxd2+ 7. Nbxd2 O-O 8.
Bd3 Bb7 9. O-O Nc6 10. e5 Ng4 11. Bxh7+ Kh8 12. a3 g6 13. Bxg6 fxg6 14. Qxg6 Qg7
15. Qh5+ Nh6 16. Ne4 Rxf3 17. Qxf3 Nxd4 18. Qd3 Qxe5 19. f3 Bxe4 20. fxe4 Ng4
21. Qh3+ Kg8 22. Qxg4+ Qg7 23. Qd1 c5 24. Rf4 e5 25. Rg4 1-0

[Event "Challenge"]
[Site "http://www.queenalice.com/game.php?id=562315"]
[Date "2009.3.27"]
[Round "-"]
[White "anand29"]
[Black "Aguinaldo"]
[Result "1-0"]
[WhiteElo "1936"]
[BlackElo "1762"]

1. e4 e5 2. Nf3 d6 3. d4 exd4 4. Nxd4 Nf6 5. Nc3 Be7 6. Bc4 Bg4 7. f3 Bd7 8. Be3
O-O 9. Qd2 c5 10. Ndb5 Bxb5 11. Nxb5 a6 12. Nc3 b5 13. Bd5 Nxd5 14. Nxd5 Bf6 15.
c3 Bh4+ 16. g3 Bf6 17. Rd1 Be7 18. Nxe7+ Qxe7 19. Qxd6 Qxd6 20. Rxd6 c4 21. Kf2
Rc8 22. Rhd1 Nc6 23. f4 b4 24. Bd2 bxc3 25. Bxc3 Ne7 26. Rd7 Ng6 27. Rb7 h6 28.
Rdd7 Rf8 29. Bb4 Rfb8 30. Rxf7 Rxb7 31. Rxb7 Nh8 32. Bc3 g6 33. Rg7+ Kf8 34. Rc7
Nf7 35. Rxc4 Nd6 36. Bb4 1-0

[Event "Challenge"]
[Site "http://www.queenalice.com/game.php?id=568993"]
[Date "2009.4.8"]
[Round "-"]
[White "melr111"]
[Black "anand29"]
[Result "0-1"]
[WhiteElo "1859"]
[BlackElo "1998"]

1. e4 e5 2. Nf3 Nc6 3. Nc3 Nf6 4. Bc4 Bc5 5. d3 h6 6. O-O O-O 7. Be3 Bb6 8. Nd5
d6 9. a3 Nxd5 10. exd5 Ne7 11. b4 f5 12. Bxb6 axb6 13. Bb3 g5 14. h3 g4 15. hxg4
fxg4 16. Nh2 h5 17. g3 Nf5 18. Qd2 Kh7 19. Kg2 Bd7 20. c4 Qf6 21. Bc2 Nd4 22.
Bd1 Ba4 23. Bxa4 Rxa4 24. Qd1 Rfa8 25. Re1 Rxa3 26. Rxa3 Rxa3 27. Re3 Ra2 28.
Qf1 Nc2 29. Re2 Nxb4 30. Rxa2 Nxa2 31. Qe1 c5 32. f3 gxf3+ 33. Nxf3 Nb4 34. Qe4+
Qg6 35. Ng5+ Kh6 36. Qxg6+ Kxg6 37. Ne4 Nxd3 38. Nxd6 Nb2 39. Nxb7 Kf6 40. Kf3
Ke7 41. Ke4 Nxc4 42. Kd3 Nd6 43. Nxd6 Kxd6 44. Ke4 c4 45. Ke3 Kxd5 46. Kf3 Kd4
47. Ke2 Kc3 48. Ke3 Kb2 49. Ke4 c3 50. Kxe5 c2 51. Kf5 c1=Q 52. Kg6 Qd1 53. Kf5
Qg4+ 0-1

[Event "Challenge"]
[Site "http://www.queenalice.com/game.php?id=572010"]
[Date "2009.4.14"]
[Round "-"]
[White "garca"]
[Black "anand29"]
[Result "0-1"]
[WhiteElo "1872"]
[BlackElo "1953"]

1. e4 e5 2. Nf3 Nc6 3. d3 Bc5 4. a3 d6 5. Nc3 Bg4 6. h3 Bh5 7. Na4 Bb6 8. Nxb6
axb6 9. Be2 h6 10. Bd2 Nge7 11. Nd4 Bg6 12. Nxc6 Nxc6 13. Bh5 Bxh5 14. Qxh5 Nd4
15. Qd1 O-O 16. c3 Ne6 17. Qg4 Kh7 18. O-O Qe7 19. f4 exf4 20. Bxf4 g5 21. Be3
Ng7 22. Rf2 f5 23. Qe2 Rae8 24. Raf1 d5 25. Bd4 fxe4 26. Rxf8 Rxf8 27. Rxf8 Qxf8
28. Bxg7 Qxg7 29. dxe4 Qe5 30. Qd3 dxe4 31. Qd7+ Kg6 32. Qc8 e3 33. Qxb7 e2 34.
Qc6+ Kf5 35. g4+ Kf4 36. Qc4+ Kg3 37. Qd3+ Kh4 0-1

[Event "Challenge"]
[Site "http://www.queenalice.com/game.php?id=573420"]
[Date "2009.4.17"]
[Round "-"]
[White "anand29"]
[Black "Marivaldo"]
[Result "1-0"]
[WhiteElo "1939"]
[BlackElo "1817"]

1. d4 d5 2. c4 c6 3. Nc3 dxc4 4. a4 Bd7 5. Bf4 b5 6. axb5 cxb5 7. e3 e6 8. Be2
a6 9. Bf3 Bc6 10. Bxb8 Bxf3 11. Qxf3 Qxb8 12. Qc6+ Kd8 13. Nxb5 Ne7 14. Qd6+
Qxd6 15. Nxd6 Nd5 16. Nxf7+ Ke7 17. Nxh8 Kf6 18. Nf3 Bb4+ 19. Ke2 a5 20. Nf7
Kxf7 21. Ne5+ Ke7 22. Nxc4 Nf6 23. f3 Rc8 24. Kd3 Rd8 25. Nxa5 Bxa5 26. Rxa5 Nd5
27. Rc1 Nb4+ 28. Ke4 Rd6 29. Rc7+ Kf6 30. Raa7 Nd5 31. Rf7+ Kg6 32. Rxg7+ Kh6
33. Rxh7+ Kg6 34. Ke5 Nf6 35. Rag7# 1-0

[Event "Challenge"]
[Site "http://www.queenalice.com/game.php?id=574273"]
[Date "2009.4.19"]
[Round "-"]
[White "garca"]
[Black "anand29"]
[Result "0-1"]
[WhiteElo "1888"]
[BlackElo "1918"]

1. e4 e5 2. Nf3 Nc6 3. a3 Nf6 4. Nc3 Bc5 5. h3 d6 6. d3 h6 7. Na4 Bb6 8. Nxb6
axb6 9. Be2 O-O 10. O-O Nh7 11. Nh2 f5 12. exf5 Bxf5 13. Bf3 Bd7 14. Bg4 Nf6 15.
Bxd7 Qxd7 16. Nf3 Nh7 17. Re1 Rf6 18. Be3 Raf8 19. b4 Ne7 20. Nh2 Rg6 21. Kh1
Qc6 22. Nf3 Nf5 23. Nh2 Qxg2# 0-1

[Event "Let's Play Chess!"]
[Site "http://www.queenalice.com/game.php?id=591412"]
[Date "2009.5.21"]
[Round "-"]
[White "inguitar"]
[Black "anand29"]
[Result "0-1"]
[WhiteElo "1971"]
[BlackElo "2011"]

1. e4 e5 2. Nf3 Nc6 3. Bc4 Nf6 4. Nc3 Bc5 5. d3 h6 6. O-O O-O 7. Ne2 d6 8. a3
Be6 9. b4 Bb6 10. b5 Ne7 11. Bxe6 fxe6 12. Bb2 Ng6 13. h3 a6 14. a4 axb5 15.
axb5 Qd7 16. c4 Nh5 17. d4 exd4 18. Bxd4 Bxd4 19. Nexd4 Rxa1 20. Qxa1 Nf6 21.
Re1 Nf4 22. Qd1 Qf7 23. Nh4 e5 24. Ndf5 Qxc4 25. Ng6 Nxg6 26. Qb1 Nf4 27. Ne3
Qxe4 28. Qxe4 Nxe4 29. f3 Nc3 30. g3 Nxh3+ 31. Kg2 Ng5 32. Nc2 Nxb5 33. Nb4 Nxf3
34. Rc1 Nfd4 35. Nd5 Kf7 36. Rf1+ Ke8 37. Rc1 Kd7 38. g4 Ne2 39. Rb1 c6 40. Nb6+
Kc7 41. Nc4 Rf4 42. Ne3 Nec3 43. Rb3 d5 44. Kg3 d4 45. Nc4 Ne4+ 46. Kh3 Ng5+ 47.
Kg3 Nf7 48. Rf3 g5 49. Rxf4 exf4+ 50. Kf3 Nbd6 51. Nd2 Ne5+ 52. Kf2 Nxg4+ 53.
Kf3 Ne5+ 54. Kf2 g4 55. Nf1 Ne4+ 56. Ke2 Ng3+ 57. Nxg3 fxg3 58. Kf1 d3 59. Ke1
d2+ 60. Kxd2 g2 0-1

[Event "Let's Play Chess!"]
[Site "http://www.queenalice.com/game.php?id=591414"]
[Date "2009.5.21"]
[Round "-"]
[White "anand29"]
[Black "inguitar"]
[Result "0-1"]
[WhiteElo "2016"]
[BlackElo "1975"]

1. d4 d5 2. c4 dxc4 3. Nc3 Nf6 4. Nf3 Bf5 5. Ne5 Nbd7 6. Nxc4 e6 7. a3 Be7 8. e3
O-O 9. Bd3 Bxd3 10. Qxd3 c6 11. O-O Nd5 12. e4 Nxc3 13. Qxc3 f5 14. e5 f4 15.
Qb3 b5 16. Nd2 Nb6 17. Qxe6+ Kh8 18. Nf3 Qc7 19. Qg4 Nd5 0-1

[Event "Challenge"]
[Site "http://www.queenalice.com/game.php?id=591793"]
[Date "2009.5.21"]
[Round "-"]
[White "micha"]
[Black "anand29"]
[Result "0-1"]
[WhiteElo "2034"]
[BlackElo "1993"]

1. e4 e5 2. Nf3 Nc6 3. Bc4 Nf6 4. d3 h6 5. h3 Bc5 6. Be3 Bb6 7. O-O O-O 8. a3 d6
9. Nc3 Be6 10. Ba2 Bxa2 11. Rxa2 Nh7 12. Nd5 Ne7 13. Nxb6 axb6 14. Nh2 f5 15. c3
f4 16. Bc1 Qd7 17. Qg4 Qxg4 18. Nxg4 Nf6 19. Nh2 g5 20. g4 Nd7 21. f3 Nc5 22.
Rd1 Kg7 23. d4 exd4 24. cxd4 Na4 25. Rd3 b5 26. Bd2 d5 27. e5 Rfe8 28. Bb4 Nc6
29. Bd2 Re6 30. Rb3 Nxd4 31. Rd3 c5 32. b3 Nb6 33. Kf2 Nc6 34. Rc2 Nxe5 35. Rdc3
c4 36. bxc4 dxc4 37. Ra2 Nd3+ 38. Kf1 b4 39. Rxd3 cxd3 40. Bxb4 Nc4 41. Kf2 Rae8
42. Kg1 Re2 43. Rxe2 Rxe2 44. Nf1 d2 45. Bc3+ Kg6 46. Bxd2 Nxd2 47. Nxd2 Rxd2
0-1

[Event "Challenge"]
[Site "http://www.queenalice.com/game.php?id=591795"]
[Date "2009.5.21"]
[Round "-"]
[White "anand29"]
[Black "micha"]
[Result "1-0"]
[WhiteElo "1999"]
[BlackElo "1994"]

1. d4 d5 2. c4 Nf6 3. Nc3 c6 4. Nf3 dxc4 5. a4 Nd5 6. e4 Nxc3 7. bxc3 Qa5 8. Bd2
Bg4 9. Bxc4 Qh5 10. Qb3 b6 11. Ne5 Be6 12. Bxe6 fxe6 13. Qxe6 1-0

[Event "Challenge"]
[Site "http://www.queenalice.com/game.php?id=594474"]
[Date "2009.5.27"]
[Round "-"]
[White "anand29"]
[Black "KLEOJ"]
[Result "1/2-1/2"]
[WhiteElo "2022"]
[BlackElo "2030"]

1. d4 Nc6 2. e4 d5 3. Nc3 e6 4. Nf3 Nf6 5. e5 Ne4 6. Ne2 f6 7. Ng3 Be7 8. exf6
Nxf6 9. Bb5 O-O 10. Qe2 Bd6 11. O-O Ng4 12. Re1 Qf6 13. c3 e5 14. Bxc6 bxc6 15.
dxe5 Nxe5 16. Nxe5 Bxe5 17. Qxe5 Qxf2+ 18. Kh1 Bh3 19. gxh3 Qf3+ 20. Kg1 Qf2+
21. Kh1 Qf3+ 1/2-1/2

[Event "anand x wilson"]
[Site "http://www.queenalice.com/game.php?id=596068"]
[Date "2009.5.30"]
[Round "-"]
[White "WilsonFerreira"]
[Black "anand29"]
[Result "0-1"]
[WhiteElo "1954"]
[BlackElo "2008"]

1. e4 e5 2. Nf3 Nc6 3. Bc4 Nf6 4. d3 h6 5. Nc3 Bc5 6. Be3 Bb6 7. a3 d6 8. h3 Be6
9. Bxe6 fxe6 10. Qd2 Bxe3 11. Qxe3 a6 12. g4 g5 13. Rg1 Qe7 14. h4 Nh7 15. hxg5
Nxg5 16. Rh1 O-O-O 17. O-O-O Rdf8 18. Nh4 Qf6 19. Rdf1 Nd4 20. Na2 Kb8 21. Kb1
Ngf3 22. Nxf3 Nxf3 23. c3 Qf4 24. Qe2 Nd2+ 25. Ka1 Nxf1 26. Rxf1 Qf3 27. Qc2
Qxg4 28. Qb3 Qe2 29. Rg1 Rxf2 30. Nb4 Rf1+ 0-1

[Event "AUTO-OPEN-1402"]
[Site "http://www.queenalice.com/game.php?id=598821"]
[Date "2009.6.5"]
[Round "2"]
[White "furmigaotora"]
[Black "anand29"]
[Result "0-1"]
[WhiteElo "1707"]
[BlackElo "2028"]

1. e4 e5 2. Nf3 Nc6 3. Bc4 Nf6 4. Nc3 Nxe4 5. Nxe4 d5 6. Bxd5 Qxd5 7. Nc3 Qd8 8.
O-O Bg4 9. Re1 Bd6 10. h3 Bh5 11. d3 O-O 12. Nd5 Bc5 13. g4 Bxg4 14. hxg4 Qxd5
15. c4 Qe6 16. Ng5 Qf6 17. Ne4 Qe7 18. Nxc5 Qxc5 19. Be3 Qe7 20. g5 Rad8 21. Kg2
Qd7 22. Bc5 Rfe8 23. Rh1 Qxd3 24. Qh5 b6 25. Ba3 Rd4 26. b3 Qe4+ 27. f3 Rd2+ 28.
Kg3 Qf4+ 29. Kh3 Rf2 30. Raf1 Rxa2 31. Bc1 Qf5+ 32. Kg3 Nd4 33. Qg4 Qxg4+ 34.
fxg4 Nxb3 35. Be3 Nd4 36. Bxd4 exd4 37. Rd1 c5 38. Kf4 Re3 39. Rde1 Rf2# 0-1

[Event "AUTO-OPEN-1402"]
[Site "http://www.queenalice.com/game.php?id=598822"]
[Date "2009.6.5"]
[Round "2"]
[White "anand29"]
[Black "furmigaotora"]
[Result "1-0"]
[WhiteElo "2025"]
[BlackElo "1710"]

1. d4 d5 2. c4 e6 3. Nc3 Nf6 4. Bg5 Nbd7 5. e3 c6 6. Nf3 h6 7. Bh4 Be7 8. Bd3
Qc7 9. Rc1 Qb6 10. Qb3 Qc7 11. O-O O-O 12. cxd5 exd5 13. Nxd5 Nxd5 14. Qxd5 Nf6
15. Qb3 Nh5 16. Bxe7 Qxe7 17. Ne5 Be6 18. Bc4 Kh7 19. Bxe6 fxe6 20. Qd3+ Kg8 21.
Ng6 Qd6 22. Nxf8 Rxf8 23. Rc5 Nf6 24. Rfc1 Ng4 25. f4 Nf6 26. Qb3 Rf7 27. Re5
Nd5 28. Qd3 Rf6 29. g4 g6 30. Rf1 Kg7 31. h4 Ne7 32. h5 b6 33. hxg6 c5 34. f5
Nc6 35. Qe4 Nxe5 36. dxe5 Qd5 37. exf6+ Kxf6 38. fxe6+ 1-0

[Event "QA-ANNIV-05"]
[Site "http://www.queenalice.com/game.php?id=604157"]
[Date "2009.6.15"]
[Round "1"]
[White "califkid"]
[Black "anand29"]
[Result "1-0"]
[WhiteElo "1696"]
[BlackElo "2022"]

1. d4 Nf6 2. c4 e6 3. Nf3 d5 4. Nc3 Nbd7 5. a3 c5 6. dxc5 Bxc5 7. Bg5 dxc4 8. e3
a6 9. Bxc4 O-O 10. O-O b5 11. Bxf6 Nxf6 12. Be2 Bb7 13. Qc2 Rc8 14. Rad1 Qc7 15.
Rd3 Ba7 16. Qb3 Bb8 17. g3 Bc6 18. Nd4 Ba7 19. Nxc6 Qxc6 20. Qd1 Qc7 21. Bf3 Bb6
22. Kg2 1-0